| 000 | 00326nam a2200133Ia 4500 | ||
|---|---|---|---|
| 008 | 190704s9999||||xx |||||||||||||| ||und|| | ||
| 020 | _a9780735713444 | ||
| 082 |
_a791.433 _bMAR/M |
||
| 100 | _aMaraffi, Chris | ||
| 245 | 0 | _aMaya Character Creation | |
| 260 |
_aAmerica _bNew Riders Pub. _c2004 |
||
| 300 | _a349p | ||
| 942 | _cBK | ||
| 999 |
_c6329 _d6329 |
||